书目信息 |
| 题名: |
概率论与数理统计
|
|
| 作者: | 张颖 , 许伯生 主编 | |
| 分册: | ||
| 出版信息: | 上海 华东理工大学出版社 2007.09 |
|
| 页数: | 285页 | |
| 开本: | 23cm | |
| 丛书名: | 普通高校应用学科数学教材系列 | |
| 单 册: | ||
| 中图分类: | O21 | |
| 科图分类: | ||
| 主题词: | 数理统计--shu li tong ji--高等学校--教材 , 概率论--gai lu lun--高等学校--教材 | |
| 电子资源: | ||
| ISBN: | 978-7-5628-2134-2 | |
| 000 | 01106nam 2200289 450 | |
| 001 | 012008109948 | |
| 005 | 20080120094558.12 | |
| 010 | @a978-7-5628-2134-2@dCNY26.50 | |
| 100 | @a20080120d2007 em y0chiy0120 ea | |
| 101 | 0 | @achi |
| 102 | @aCN@b310000 | |
| 105 | @ay a 000yy | |
| 106 | @ar | |
| 200 | 1 | @a概率论与数理统计@Agai lu lun yu shu li tong ji@f张颖, 许伯生主编@Fzhang ying,xu bo sheng zhu bian |
| 210 | @a上海@c华东理工大学出版社@d2007.09 | |
| 215 | @a285页@d23cm | |
| 225 | 2 | @a普通高校应用学科数学教材系列@Apu tong gao xiao ying yong xue ke shu xue jiao cai xi lie |
| 320 | @a有书目 | |
| 330 | @a本书主要内容包括随机事件与概率,随机变量及其分布,多维随机变量及其分布,随机变量的数字特征,极限定理,数理统计的基本概念,参数估计,统计假设检验,统计分析等。 | |
| 410 | 0 | @12001 @a普通高校应用学科数学教材系列 |
| 606 | 0 | @a数理统计@Ashu li tong ji@x高等学校@j教材 |
| 606 | 0 | @a概率论@Agai lu lun@x高等学校@j教材 |
| 690 | @aO21@v4 | |
| 701 | 0 | @a张颖@Azhang ying@4主编 |
| 701 | 0 | @a许伯生@Axu bo sheng@4主编 |
| 801 | 0 | @aCN@bQSSK@c20080120 |
| 905 | @b279470-72@dO21@eZ232@f3 | |
| 概率论与数理统计/张颖, 许伯生主编.-上海:华东理工大学出版社,2007.09 |
| 285页;23cm.-(普通高校应用学科数学教材系列) |
| ISBN 978-7-5628-2134-2:CNY26.50 |
| 本书主要内容包括随机事件与概率,随机变量及其分布,多维随机变量及其分布,随机变量的数字特征,极限定理,数理统计的基本概念,参数估计,统计假设检验,统计分析等。 |
| ● |
| 相关链接 |
|
|
|
正题名:概率论与数理统计
索取号:O21/Z232
 
预约/预借
| 序号 | 登录号 | 条形码 | 馆藏地/架位号 | 状态 | 备注 |
| 1 | 279470 | 202794707 | 自科库401/401自科库 47排1列3层/ [索取号:O21/Z232] | 在馆 | |
| 2 | 279471 | 202794716 | 自科库401/401自科库 47排1列3层/ [索取号:O21/Z232] | 在馆 | |
| 3 | 279472 | 202794725 | 自科库401/401自科库 47排1列3层/ [索取号:O21/Z232] | 在馆 |